000 00655nam a2200253Ia 4500
003 OSt
005 20220912144339.0
006 a|||||r|||| 00| 0
007 ta
008 220909b |||||||| |||| 00| 0 eng d
020 _aSL0838688
024 _a187285
037 _cTextual
040 _aCSL
_beng
_cCSL
041 _aeng
082 _aB93(C7)p1,N80, M3
100 _aStenflo J O Ed.
245 0 _aSolar and stellar magnetic fields: origins and coronal effects
260 _c1983
300 _aVIII,564p
700 _aStenflo J O Ed.
942 _hB93(C7)p1,N80, M3
_cTEXL
_2CC
999 _c5644
_d5644